| 000 | 00431nam a22001217a 4500 | ||
|---|---|---|---|
| 082 | _aPRO 220 | ||
| 100 |
_aHareem Fatima Zorah Bilal Ahmed Muhammad Faheel Sohail _970948 |
||
| 245 | _aPR-SOF-1572-FORMATION CONTROL AND OBSTACLE A VOIDANCE USING SWARM SYSTEM | ||
| 260 |
_aISLAMABAD _bNUST COLLEGE OF EME _c2017 |
||
| 650 | _a DE-MTS-35 | ||
| 700 |
_aSUPERVISORS Lecturer Kanwal Naveed Lecturer Aneeq uz Zaman _970949 |
||
| 942 | _cCR | ||
| 999 |
_c577726 _d577726 |
||